All Lil Wayne Songs - Statistics

General Stats
  • This quiz has been taken 220 times
  • The average score is 56 of 500
Answer Stats
Album Song % Correct
Tha Carter III A Milli
72%
Tha Carter III Lollipop
66%
Tha Carter IV 6 Foot 7 Foot
61%
Sorry 4 the Wait 2 Sh!t
53%
Da Drought | Da Drought 3 | Tha Block Is Hot | +2 others Intro
50%
Lights Out Intro (Watch Them People)
50%
500 Degreez F**k You
49%
Dedication 5 Luv
47%
Tha Carter IV Mirror
47%
Tha Carter III Mr. Carter
47%
Tha Carter V Mona Lisa
46%
Tha Block Is Hot F**k Tha World
41%
Da Drought 3 | Tha Carter IV | The Dedication Outro
41%
The Prefix Outro (The Prefix)
41%
The Suffix Outro (The Suffix)
41%
Tha Carter IV She Will
41%
Tha Block Is Hot Tha Block Is Hot
41%
I Am Not a Human Being II Love Me
39%
Tha Carter III Mrs. Officer
39%
Tha Carter II Fireman
37%
The Suffix Fireman (Original Version)
37%
Tha Carter IV How to Love
37%
Rebirth Drop the World
35%
Tha Carter IV Blunt Blowin
34%
I Am Not a Human Being II IANAHB
34%
Tha Carter V Don't Cry
33%
Tha Carter V Uproar
33%
Tha Carter III 3 Peat
31%
Tha Carter III Dr. Carter
31%
Tha Carter Go D.J.
31%
Tha Carter IV John
31%
500 Degreez 500 Degreez
29%
Tha Carter V Dedicate
29%
I Am Not a Human Being I Am Not a Human Being
29%
Sorry 4 the Wait Sorry 4 the Wait
29%
Dedication 3 | Dedication 4 A Dedication
27%
The Dedication Dedication
27%
Tha Carter V Let It All Work Out
27%
Tha Carter IV Interlude
26%
Tha Carter IV How to Hate
25%
Tha Carter III Let the Beat Build
25%
Tha Carter IV MegaMan
25%
Da Drought 3 President
25%
I Am Not a Human Being Right Above It
25%
Tha Carter III La La
24%
Tha Carter III Playing with Fire
24%
Tha Carter II Best Rapper Alive
23%
Tha Carter III Got Money
23%
Tha Carter Hoes
22%
Tha Carter II Hustler Musik
22%
Tha Carter V Let It Fly
22%
Tha Carter IV President Carter
22%
Da Drought 2 Why
22%
Tha Carter BM J.R.
21%
Tha Carter III Comfortable
20%
Da Drought Da Drought
20%
Tha Carter II Fly In
20%
Rebirth Prom Queen
20%
Tha Carter This Is the Carter
20%
Tha Carter V Can't Be Broken
19%
Tha Carter V Dark Side of the Moon
19%
Dedication 4 | I Am Not a Human Being II No Worries
19%
Tha Carter III Tie My Hands
19%
Tha Carter Walk In
19%
Tha Carter V Dope N***az
18%
Da Drought 3 Forever
18%
Tha Carter I Miss My Dawgs
18%
I Am Not a Human Being I'm Single
18%
Tha Carter III Phone Home
18%
Tha Carter II Tha Mobb
18%
Dedication 6 Young
18%
Tha Carter II Carter II
17%
Tha Carter V Famous
17%
Tha Carter II Fly Out
17%
Rebirth Knockout
17%
Tha Carter II Money on My Mind
17%
Lights Out Shine
17%
Tha Carter IV Abortion
16%
Tha Carter III Dontgetit
16%
Lights Out | Tha Carter II Grown Man
16%
Tha Carter V I Love You Dwayne
16%
Tha Carter IV It's Good
16%
Tha Carter II Mo Fire
16%
Tha Carter Walk Out
16%
Lights Out Get Off the Corner
15%
I Am Not a Human Being II Gunwalk
15%
I Am Not a Human Being II Rich as F**k
15%
Tha Carter V Took His Time
15%
Tha Carter V What About Me
15%
I Am Not a Human Being Bill Gates
14%
Free Weezy Album Glory
14%
Tha Carter V Hittas
14%
Tha Carter Inside
14%
Tha Carter IV Nightmares of the Bottom
14%
Rebirth On Fire
14%
Tha Carter V Open Letter
14%
Tha Carter V Open Safe
14%
Tha Carter V Perfect Strangers
14%
Tha Carter III Shoot Me Down
14%
Da Drought 2 The Problem
14%
Tha Carter V Used 2
14%
Lights Out Beef
13%
Tha Carter Cash Money Millionaires
13%
Tha Carter II Hit Em Up
13%
Tha Block Is Hot Lights Off
13%
Tha Carter V Mess
13%
Tha Carter II Receipt
13%
Lights Out Skit
13%
Tha Carter III You Ain't Got Nuthin
13%
Tha Carter Ain't That a B***h
12%
Tha Carter Bring It Back
12%
I Am Not a Human Being II Curtains
12%
I Am Not a Human Being II Days and Days
12%
Tha Carter V Dope New Gospel
12%
Tha Carter II Feel Me
12%
Dedication 5 F**kin' Problems
12%
I Am Not a Human Being Gonorrhea
12%
Da Drought Life
12%
Free Weezy Album London Roads
12%
500 Degreez Look at Me
12%
Tha Block Is Hot Loud Pipes
12%
Tha Carter On My Own
12%
Tha Carter II On tha Block #1
12%
Tha Carter II Shooter
12%
Tha Carter Snitch
12%
Tha Carter IV So Special
12%
I Am Not a Human Being II Trippy
12%
500 Degreez Way of Life
12%
Dedication 2 Dedication 2
11%
Tha Carter V Demon
11%
500 Degreez Gangsta Sh*t
11%
I Am Not a Human Being II My Homies Still
11%
Tha Carter II Oh No
11%
Tha Carter V Problems
11%
Tha Block Is Hot Remember Me
11%
Tha Carter V Start This Sh*t Off Right
11%
500 Degreez Where You At
11%
Rebirth American Star
10%
Lights Out Biznite
10%
Rebirth Da Da Da
10%
Dedication 3 Dedication 3
10%
Tha Block Is Hot Drop It Like It's Hot
10%
Lights Out Everything
10%
500 Degreez Fly Talkin'
10%
500 Degreez Fo Sheezy
10%
Dedication 2 Get 'Em
10%
500 Degreez Get that Dough
10%
I Am Not a Human Being II God Bless Amerika
10%
Tha Block Is Hot High Beamin'
10%
Dedication 5 I'm Good
10%
Tha Block Is Hot Kisha
10%
Lights Out Let's Go
10%
Lights Out Lil One
10%
Free Weezy Album Living Right
10%
Free Weezy Album Murda
10%
Tha Carter II On tha Block #2
10%
Tha Carter II On tha Block #3
10%
Tha Block Is Hot Respect Us
10%
Da Drought 3 Ride 4 My N***a's (Sky's the Limit)
10%
Rebirth Runnin'
10%
Tha Carter IV Two Shots
10%
Tha Block Is Hot Up To Me
10%
Tha Carter IV Up Up and Away
10%
Tha Block Is Hot Watcha Wanna Do
10%
Tha Carter We Don't
10%
Tha Carter Who Wanna
10%
Dedication 4 | Lights Out Wish You Would
10%
500 Degreez Worry Me
10%
500 Degreez Believe That
9%
500 Degreez Bloodline
9%
Tha Block Is Hot Come On
9%
Tha Block Is Hot Enemy Turf
9%
500 Degreez Go Hard
9%
I Am Not a Human Being II Hello
9%
I Am Not a Human Being II Hot Revolver
9%
Free Weezy Album I'm That N***a
9%
Lights Out Jump Jiggy
9%
500 Degreez Lovely
9%
Tha Block Is Hot Not Like Me
9%
Tha Carter Only Way
9%
Tha Carter On the Block #1 (skit)
9%
Lights Out On the Grind
9%
Lights Out Realized
9%
Sorry 4 the Wait Rollin'
9%
The Dedication So Smooth w/ Young Money
9%
Dedication 3 Stuntin'
9%
Lights Out Tha Blues
9%
Free Weezy Album White Girl
9%
I Am Not a Human Being With You
9%
500 Degreez Young'n Blues
9%
Tha Block Is Hot Young Playa
9%
Tha Block Is Hot You Want War
9%
Lights Out Act a Ass
8%
500 Degreez Big Tigger Live on the Radio
8%
Lights Out Break Me Off
8%
Sorry 4 the Wait 2 Coco
8%
Da Drought 3 Crazy
8%
Dedication 3 Dedication 4????????
8%
Lights Out F**k Wit Me Now
8%
500 Degreez Fly Talkin' Go Home
8%
500 Degreez Gangsta and Pimps
8%
Dedication 2 Georgia... Bush
8%
Rebirth Get a Life
8%
Tha Carter Get Down
8%
Tha Carter II Get Over
8%
Lights Out Hit U Up
8%
I Am Not a Human Being Hold Up
8%
Tha Carter IV I Like the View
8%
Tha Carter II I'm a D-Boy
8%
Tha Carter II Lock and Load
8%
Sorry 4 the Wait Marvin's Room
8%
Tha Carter IV Novacane
8%
Rebirth One Way Trip
8%
Tha Carter On the Block #2 (skit)
8%
Free Weezy Album Pick Up Your Heart
8%
I Am Not a Human Being Popular
8%
Free Weezy Album Psycho
8%
Free Weezy Album Pull Up
8%
Sorry 4 the Wait Racks
8%
500 Degreez Rob Nice Live on the Radio
8%
The Suffix Suffix
8%
Rebirth The Price Is Wrong
8%
I Am Not a Human Being II Trigger Finger
8%
Tha Carter II Weezy Baby
8%
500 Degreez What Does Life Mean to Me
8%
I Am Not a Human Being What's Wrong with Them
8%
I Am Not a Human Being II Wowzerz
8%
Tha Carter III Action
7%
I Am Not a Human Being II Back to You
7%
I Am Not a Human Being II Beat the Sh*t
7%
Da Drought 3 Black Republicans
7%
Dedication 2 Cannon (AMG Remix)
7%
Dedication 6: Reloaded Family Feud
7%
Da Drought 2 Get Out
7%
Dedication 4 Green Ranger
7%
Rebirth Ground Zero
7%
Free Weezy Album He's Dead
7%
Sorry 4 the Wait 2 Hot N***a
7%
Dedication 2 Hustlin
7%
Rebirth I'll Die for You
7%
The Prefix Moment of Clarity Freestyle
7%
The Dedication Motivation
7%
Free Weezy Album My Heart Races On
7%
The Suffix New Orleans
7%
Rebirth Paradice
7%
Free Weezy Album Post Bail Ballin'
7%
Tha Carter III Prostitute 2
7%
Sorry 4 the Wait 2 Selsun Blue
7%
Dedication 2 SportsCenter
7%
Free Weezy Album Street Chains
7%
Sorry 4 the Wait Sure Thing
7%
I Am Not a Human Being That Ain't Me
7%
Da Drought 2 The Burn
7%
Sorry 4 the Wait Tunechi's Back
7%
Da Drought 3 Upgrade
7%
The Suffix Weezy F Baby
7%
The Dedication Weezy F. Baby
7%
Dedication 6 XO Tour Life
7%
I Am Not a Human Being YM Banger
7%
I Am Not a Human Being YM Salute
7%
Dedication 6: Reloaded Abracadabra
6%
Da Drought 3 Back on My Grizzy
6%
Dedication 3 Bang Bang
6%
Dedication 6: Reloaded Big Bad Wolf
6%
Dedication 6: Reloaded Bloody Mary
6%
Da Drought 2 Check One Two
6%
The Prefix Dec. 4 (Freestyle)
6%
Da Drought 3 Dough Is What I Got
6%
Sorry 4 the Wait Grove St. Party
6%
Sorry 4 the Wait Gucci Gucci
6%
Sorry 4 the Wait Hands Up (My Last)
6%
Free Weezy Album I Feel Good
6%
The Dedication I'm a Ridah
6%
Rebirth I'm So Over You
6%
Dedication 2 I'm the Best Rapper Alive
6%
I Am Not a Human Being II Lay It Down
6%
Dedication 3 | Dedication 4 Magic
6%
The Dedication Miss My Dawgs (Live) w/ B.G.
6%
I Am Not a Human Being II Romance
6%
Dedication 2 They Still Like Me
6%
Free Weezy Album Thinking Bout You
6%
Sorry 4 the Wait Throwed Off
6%
Sorry 4 the Wait 2 Used To
6%
Free Weezy Album Without You
6%
The Dedication 1 King
5%
Dedication 6: Reloaded 2 Hot for TV
5%
Dedication 6 5 Star
5%
Sorry 4 the Wait 2 Alphabet
5%
Dedication 4 Amen
5%
Dedication 6: Reloaded Back to Sleep
5%
Dedication 6 Bank Account
5%
The Dedication Bass Beat
5%
Dedication 4 Burn
5%
Da Drought 2 Can't No N***a
5%
Dedication 4 Cashed Out
5%
Da Drought Cops Is Watching
5%
The Suffix Damage Is Done
5%
Da Drought Dat Boy Weezy
5%
Dedication 3 Dick Pleaser
5%
Da Drought 3 Dipset
5%
Da Drought 3 Dipset 2
5%
The Prefix Dirt Off Your Shoulder
5%
Dedication 4 Don't Like
5%
Dedication 6: Reloaded Don't Shoot Em
5%
The Dedication Down & Out
5%
Sorry 4 the Wait 2 Dreams and Nightmares
5%
Da Drought Drought Interlude
5%
Tha Carter Earthquake
5%
The Prefix Encore
5%
Sorry 4 the Wait 2 Fingers Hurting
5%
Dedication 6 Fly Away
5%
Dedication 6: Reloaded For Nothing
5%
The Suffix Get 'Em Off Me
5%
Dedication 4 Get Smoked
5%
Dedication 2 Gettin Some Head
5%
Dedication 6: Reloaded Go Brazy
5%
Dedication 6: Reloaded Groupie Gang
5%
Sorry 4 the Wait 2 Hollyweezy
5%
The Prefix Hotel
5%
Da Drought 3 I Can't Feel My Face
5%
I Am Not a Human Being I Don't Like the Look of It
5%
Tha Carter IV I Got Some Money on Me
5%
Da Drought 2 In the Booth
5%
Da Drought 3 King Kong
5%
Da Drought 2 Let's Party
5%
Da Drought 3 Live from 504
5%
The Prefix Lucifer Remix
5%
The Prefix Make You Mine
5%
Dedication 4 Mercy
5%
The Dedication Momma Taught Me
5%
Da Drought 2 Move Ya Body
5%
Dedication 6 My Dawg
5%
The Dedication Nah This Ain't the Remix
5%
Da Drought 3 N.O. N***a
5%
Dedication 2 No Other
5%
Dedication 2 Outta Here
5%
The Dedication Over Here
5%
Da Drought Pop Goes the Pussy
5%
Dedication 2 Poppin them Bottles
5%
The Prefix Public Announcement
5%
Da Drought 3 Put Some Keys on That
5%
Da Drought Raw Tune
5%
Da Drought 2 Real Thug
5%
The Prefix Round Here
5%
Sorry 4 the Wait Run the World (Girls)
5%
Da Drought 3 Seat Down Low
5%
Dedication 4 So Dedicated
5%
Da Drought | Da Drought 2 So Many Places
5%
Dedication 2 South Muzik
5%
Da Drought 3 Swizzy
5%
Tha Carter Tha Heart
5%
Dedication 5 Thinkin' About You
5%
Dedication 6: Reloaded Thought It Was a Drought
5%
The Prefix Tomorrow
5%
Sorry 4 the Wait 2 Trap House
5%
Da Drought 3 Walk It Out
5%
Da Drought Wayne Is Here
5%
Dedication 2 Weezy on Retirement
5%
Da Drought 3 We Takin' Over
5%
Dedication 2 Where da Cash At
5%
The Prefix Where I'm From
5%
Tha Carter III Whip It
5%
Da Drought Won't F**k With Me
5%
Da Drought 2 You Don't Know
5%
Da Drought You Got Jokes
5%
Da Drought 2 You My Hoe
5%
Dedication 2 A Dedication After Disaster
4%
The Suffix Anything
4%
Dedication 6: Reloaded Back from the 80's
4%
Dedication 6 Blackin Out
4%
Da Drought 3 Blooded
4%
The Suffix Blowing Up Fast
4%
Da Drought 3 Boom
4%
Dedication 6 Boyz 2 Menace
4%
The Dedication D-Boyz
4%
Dedication 3 Dedicated
4%
The Dedication Dedication Convo
4%
The Suffix Diamonds On My Neck (Freestyle)
4%
Dedication 5 Don't Kill
4%
Dedication 6: Reloaded Drowning
4%
Dedication 6 Eureka
4%
Dedication 6 Everyday We Sick
4%
Da Drought 2 Everything Will Be Fine
4%
Dedication 6: Reloaded Freaky Side
4%
Dedication 3 Get Bizzy
4%
Da Drought 3 Get High, Rule the World
4%
The Suffix Give Head
4%
Dedication 6: Reloaded Gumbo
4%
The Suffix I'm a Motherf**kin' Menace
4%
Sorry 4 the Wait Inkredible (Remix)
4%
The Prefix In My Life
4%
Dedication 5 Itchin'
4%
Dedication 6 Let Em All In
4%
Dedication 6: Reloaded Light Years
4%
The Dedication Like Dat
4%
Dedication 6: Reloaded Main Things
4%
The Suffix Money in Da Bank
4%
The Dedication Much More
4%
Dedication 3 My Weezy
4%
Da Drought 3 New Cash Money
4%
Dedication 6 New Freezer
4%
Dedication 4 No Lie
4%
The Dedication Paid in Full (Skit)
4%
The Dedication Please Say the Baby
4%
Da Drought 3 Promise
4%
Dedication 2 Ridin wit the AK
4%
Da Drought 2 Shake Yo Money Maker
4%
Dedication 3 She's a Ryder
4%
I Am Not a Human Being II Sh*t Stains
4%
Dedication 6: Reloaded Sick
4%
The Suffix Soul Survivor
4%
Dedication 2 Spitter
4%
The Dedication Stilletos
4%
Dedication 3 Still I Rise
4%
Dedication 6 SUWU
4%
Dedication 2 The Best in the Business
4%
Dedication 3 The Other Side
4%
Dedication 2 This What I Call Her
4%
The Suffix U Don't Know Weezy
4%
The Dedication U Gon Love Me
4%
Dedication 5 UOENO
4%
Dedication 2 Walk It Off
4%
Dedication 5 Way I'm Ballin'
4%
The Dedication Wayne Explains His Deal
4%
The Dedication Wayne's World Skit
4%
The Suffix We Da Kings
4%
The Dedication Weezy Explains "Miss My Dawgs"
4%
Dedication 6: Reloaded Weezy N Madonna
4%
Dedication 3 Welcome Back
4%
Dedication 6 What's Next
4%
Dedication 2 Workin Em
4%
Dedication 6 Yeezy Sneakers
4%
The Suffix 93 94 Baby
3%
Sorry 4 the Wait 2 Admit It
3%
Dedication 3 Ain't I
3%
Dedication 5 Ain't Worried
3%
Sorry 4 the Wait 2 Amazing Amy
3%
Dedication 3 A Message to the DJ's
3%
Dedication 5 Before Tune Gets Back
3%
Dedication 5 Bugatti
3%
Da Drought 3 Can't Stop, Won't Stop
3%
Dedication 5 Competition (Interlude)
3%
Dedication 5 Cream
3%
The Suffix Dear Summer
3%
Dedication 3 Do's and Dont's of Young Money
3%
Dedication 5 Drama & Weezy (Interlude)
3%
Sorry 4 the Wait 2 Drunk in Love
3%
Dedication 5 Feds Watching
3%
Dedication 5 F**kWitMeYouKnowIGotIt
3%
Dedication 5 Fortune Teller (Interlude)
3%
Dedication 5 How Dedicated
3%
Dedication 3 I Got That Gangsta
3%
Dedication 6: Reloaded Kreep
3%
Dedication 5 Levels
3%
Dedication 5 Live Life
3%
Dedication 5 Living Legend (Interlude)
3%
Dedication 5 New Signees to Young Money? (Interlude)
3%
Dedication 5 New Slaves
3%
Sorry 4 the Wait 2 No Haters
3%
Sorry 4 the Wait 2 No Type
3%
Sorry 4 the Wait 2 Preach
3%
Dedication 3 Put On for the Game
3%
The Suffix Shorty Bounce
3%
Dedication 5 Started
3%
The Suffix Stay Alive Intro
3%
Dedication 5 Still Got That Rock
3%
Dedication 3 That Was Easy!
3%
Sorry 4 the Wait 2 Try Me
3%
Dedication 5 Typa Way
3%
The Dedication Wayne Convos
3%
Dedication 2 Welcome to tha Jungle
3%
Dedication 3 What Else Is There to Do
3%
Dedication 2 What You Know (Remix)
3%
Dedication 3 Whoever You Like
3%
Sorry 4 the Wait 2 You Guessed It
3%
Dedication 3 You Love Me, I Hate You
3%
The Dedication Young Money Property
3%
Dedication 5 You Song
3%
Dedication 5 Pure Colombia
2%
The Dedication Wayne's Ho Story
2%
Dedication 2 Weezy on the Streetz of N.O.
2%
The Dedication Alchemist Skit
1%
Dedication 5 Devestation
1%
The Suffix I Feel Like F**kin Something
1%
Dedication 4 So Damn True
1%
No matching quizzes found
Score Distribution
Percent of People with Each Score
Percentile by Number Answered
Your Score History
You have not taken this quiz